Capitales avec la lettre P - Statistiques

Statistiques générales
  • Ce quiz a été pris 216 fois
    190 depuis la dernière actualisation
  • Le résultat moyen est 22 sur 34
Statistiques - réponses
Hint Réponse % Correct
P Paris
100%
P Pékin
89%
P Pretoria/Le Cap
87%
P Panama
85%
P Port-Louis
80%
PP Port-au-Prince
79%
P Pristina
79%
P Port Moresby
77%
P Prague
76%
P Porto-Novo
75%
P Paramaribo
72%
P Copenhague
70%
P Pyongyang
70%
P Budapest
69%
P Port-Vila
69%
P Tripoli
69%
P Praia
68%
P Port-d'Espagne
66%
P Belmopan
65%
PP Phnom Penh
65%
P Maputo
63%
P Tegucigalpa
62%
P Kuala Lumpur
58%
P Apia
56%
P La Paz
56%
P Singapour
56%
P Skopje
55%
P Palikir
54%
P Kampala
52%
P Taipei
52%
P Thimphou
52%
P Sri Jayawardenapura Kotte
51%
P Naypyidaw
44%
P Pogdorica
28%
Aucun quiz correspondant
Distribution des résultats
% des personnes avec chaque résultat
Percentile par nombre de réponses
Votre historique - résultats
Vous n’avez pas pris ce quiz depuis la dernière actualisation